000 00436pab a2200181 454500
008 180718b2007 xxu||||| |||| 00| 0 eng d
100 _aChoudhary. Sujit Kumar
245 _aThe scheduled castes in higher education
260 _c2007
300 _ap.20-24.
362 _a2 Jun
650 _aScheduled caste
650 _aHigher education
650 _aBackward classes
773 _aMainstream
908 _aN
909 _a74436
999 _c74436
_d74436